| 000 | 00397nam a22001697a 4500 | ||
|---|---|---|---|
| 005 | 20160615145619.0 | ||
| 008 | 160615b xxu||||| |||| 00| 0 eng d | ||
| 020 | _a81-203-1688-6 | ||
| 041 | _aeng | ||
| 082 | _b7793 | ||
| 100 |
_aRausch, Erwin & Washbush John B _92006 |
||
| 245 | _aHigh Quality leadership | ||
| 260 |
_bPHI _c2004 |
||
| 300 | _a279 | ||
| 650 |
_aManagement _9241 |
||
| 942 | _cBK | ||
| 999 |
_c2802 _d2801 |
||